| 000 | 02532cam a2200349 i 4500 | ||
|---|---|---|---|
| 001 | data | ||
| 005 | 20260322212108.0 | ||
| 008 | data | ||
| 035 | _a23702132 | ||
| 906 |
_a7 _bcbc _corigres _d2 _eepcn _f20 _gy-gencatlg |
||
| 925 | 0 |
_aacquire _b1 shelf copy _xpolicy default |
|
| 010 | _a 2024939074 | ||
| 020 |
_a9781802202052 _q(hardback) |
||
| 020 |
_z9781802202069 _q(ebook) |
||
| 040 |
_aDLC _beng _erda _cDLC |
||
| 042 | _apcc | ||
| 050 | 0 | 0 |
_aK720 _b.R475 2024 |
| 245 | 0 | 0 |
_aResearch Handbook on Property, Law and Theory / _cChris Bevan. |
| 264 | 1 |
_aNorthampton : _bEdward Elgar Publishing, _c[2024] |
|
| 300 |
_axv, 535 pages : _billustrations ; _c25 cm. |
||
| 336 |
_atext _btxt _2rdacontent |
||
| 337 |
_aunmediated _bn _2rdamedia |
||
| 338 |
_avolume _bnc _2rdacarrier |
||
| 490 | 0 | _aResearch Handbooks in Private and Commercial Law | |
| 504 | _aIncludes bibliographical references and index. | ||
| 520 |
_a"This comprehensive Research Handbook interrogates and offers historical as well as contemporary understandings of property, property law and property theory. Chapters locate the role of property in key theoretical debates and examine property's place in significant social contexts, covering topics such as Indigenous property, artificial intelligence, cryptoassets, property and the art world, environmentalism and climate change. Bringing together over 30 contributors from Asia, Australasia, Europe, and North America, the Research Handbook surveys the dynamic fields of property and property law across legal traditions through different historical, contemporary, comparative and jurisdiction-specific lenses. Contributing authors pose questions as to how property can and should be theorised and conceptualised, incorporating insights from feminist and LGBTQ+ perspectives, as well as questions surrounding property and emotion, squatting and human rights issues. Contributors explore how property operates in different legal frameworks and in these distinct contexts, reflecting on property's place in theory and society. Presenting unique insights from leading experts in the field, this prescient Research Handbook is a thought-provoking read for students and scholars of legal theory, property law, property theory and socio-legal studies"-- _cProvided by publisher. |
||
| 650 | 0 | _aProperty. | |
| 650 | 0 | _aRight of property. | |
| 650 | 0 |
_aProperty _xPhilosophy. |
|
| 700 | 1 |
_aBevan, Chris, _eeditor. |
|
| 999 |
_c1597 _d1597 |
||